000 00972nam a2200313 4500
003 EC-UNACH
005 20260318160716.0
006 s||||gr|||| 00| 00
008 150116t9999 mx r gr 000 0 spa d
020 _a9978-67-047-5
040 _aEC-UNACH
_cEC-UNACH
041 _aspa
082 0 4 _223
_a900
_bL018643
100 _aBonilla, Adrián
245 _aEcuador -Perú.
_bHorizontes de la negociación y el conflicto.
250 _aPrimera Edición
264 _aQuito, Ecuador.
_bFLACSO - Rispergraf
_c1999
300 _a376 páginas.
_c15 x 21 cm
501 _aIncluye: Índice.
505 _aParte I: Estudios -- Parte II: Ensayos -- Parte III: Testimonios.
650 _aRELACIONES INTERNACIONALES
650 _aCONFLICTOS TERRITORIALES
650 _aACUERDOS DE PAZ
650 _aLÍMITES FRONTERIZOS
942 _2ddc
_c1
999 _c14440